Patton Oswalt Filmography - Statistics

General Stats
  • This quiz has been taken 34 times
    15 since last reset
  • The average score is 23 of 321
Answer Stats
Type Year Name % Correct
TV Show 2014-2020 Marvel's Agents of S.H.I.E.L.D.
67%
Film 2007 Ratatouille
50%
Video Game 2007 Ratatouille
50%
TV Show 1994 Seinfeld
50%
TV Show 2012, 2017 The Simpsons
50%
TV Show 2013, 2014 Brooklyn Nine-Nine
33%
TV Show 2009, 2010 Community
33%
TV Show 2021, 2024, 2025 Family Guy
33%
TV Show 1995 MADtv
33%
TV Show 2014 Modern Family
33%
TV Show 1994 Small Doses
33%
TV Show 2007 SpongeBob SquarePants
33%
Film 2019 The Secret Life of Pets 2
33%
Film 2013 The Secret Life of Walter Mitty
33%
TV Show 2015-2018 We Bare Bears
33%
Film 2020 We Bare Bears: The Movie
33%
Film 2023 80 for Brady
17%
Film 2025 Absolute Dominion
17%
TV Show 2007, 2008, 2016, 2020, 2021 American Dad!
17%
TV Show 2003, 2006 Aqua Teen Hunger Force
17%
TV Show 2016 Archer
17%
TV Show 2012-2015 Axe Cop
17%
Film 2007 Balls of Fury
17%
TV Show 2000 Batman Beyond
17%
TV Show 2015 Battle Creek
17%
TV Show 2022 Big City Greens
17%
TV Show 2018-2019, 2021 Big Hero 6: The Series
17%
Film 2004 Blade: Trinity
17%
TV Show 2012 Bob's Burgers
17%
Web Series 2014-2020 BoJack Horseman
17%
TV Show 2009, 2010, 2011 Bored to Death
17%
TV Show 2012 Burn Notice
17%
Film 2003 Calendar Girls
17%
TV Show 2010 Caprica
17%
TV Show 2023 Celebrity Jeopardy!
17%
Documentary 2024 Chain Reactions
17%
TV Show 2005 Cheap Seats: Without Ron Parker
17%
Web Series 2007 Clark and Michael
17%
TV Show 2012, 2014 Comedy Bang! Bang!
17%
TV Show 2002-2003 Crank Yankers
17%
Film 2016 Donald Trump's The Art of the Deal: The Movie
17%
Film 1996 Down Periscope
17%
TV Show 2014, 2015, 2016 Drunk History
17%
Film 2006 Failure to Launch
17%
TV Show 2003 Fairly OddParents
17%
Music Video 2014 Foil
17%
Film 2015 Freaks of Nature
17%
TV Show 2011 Futurama
17%
TV Show 2014 Gravity Falls
17%
TV Show 2017-2019 Happy!
17%
TV Show 2007 Human Giant
17%
Music Video 2016 I Love the USA
17%
TV Show 2017-2018 Justice League Action
17%
TV Show 2013-2015 Justified
17%
TV Show 2003-2007 Kim Possible
17%
TV Film 2019 Kim Possible
17%
Video Game 2006 Kim Possible: What's the Switch?
17%
Film 1999 Magnolia
17%
Film 1999 Man on the Moon
17%
TV Show 2015 Maron
17%
Web Series 2021 Marvel's M.O.D.O.K.
17%
Film 2022 MEAD
17%
TV Show 2014, 2015 Mighty Med
17%
Web Series 2015, 2017, 2024 Minecraft: Story Mode
17%
Web Series 2018 Minecraft: Story Mode
17%
TV Show 1996, 1998 Mr. Show with Bob & David
17%
Film 2014 Mune: Guardian of the Moon
17%
TV Show 2016, 2019 My Little Pony: Friendship Is Magic
17%
TV Show 2010 Neighbours from Hell
17%
Film 2016 Nerdland
17%
TV Show 1996 NewsRadio
17%
Film 2009 Observe and Report
17%
Film 2013 Odd Thomas
17%
TV Show 2013 Parks and Recreation
17%
TV Show 2017 Pig Goat Banana Cricket
17%
Film 2017 Please Stand By
17%
TV Show 2013 Portlandia
17%
TV Show 2011 Raising Hope
17%
TV Show 2007 Reaper
17%
TV Show 2004-2009, 2020 Reno 911!
17%
TV Show 2018 Robot Chicken
17%
TV Show 2010-2011 Robotomy
17%
Film 2002 Run Ronnie Run
17%
Web Series 2017 Santa Clarita Diet
17%
TV Show 2019 Schooled
17%
Web Series 2022 Space Force
17%
TV Show 2017-2019 Spider-Man
17%
TV Show 2006 Squidbillies
17%
Film 2004 Starsky & Hutch
17%
TV Show 2000, 2003, 2004 Static Shock
17%
Film 2004 Taxi
17%
TV Show 2019 Teen Titans Go!
17%
Film 2018 Teen Titans GO! To the Movies
17%
Web Series 2015 The Adventures of Puss in Boots
17%
TV Show 2006, 2007 The Batman
17%
Web Series 2020, 2022 The Boys
17%
Film 2017 The Circle
17%
TV Special 2007 The Comedy Central Roast of Flavor Flav
17%
TV Special 2006 The Comedy Central Roast of William Shatner
17%
Film 2016 The Confirmation
17%
Film 2009 The Informant!
17%
TV Show 1998-2007 The King of Queens
17%
Theme Park Attraction 2016 The LEGO Movie 4D: A New Adventure
17%
Web Series 2022-Present The Sandman
17%
TV Show 2010 The Sarah Silverman Program.
17%
Film 2021 The Spine of Night
17%
TV Show 2009 The Venture Bros.
17%
TV Show 1997 The Weird Al Show
17%
TV Show 2016 TripTank
17%
TV Show 2015-2019 Veep
17%
Short Film 2010 Weird: The Al Yankovic Story
17%
Film 2022 Weird: The Al Yankovic Story
17%
TV Show 2013 Yo Gabba Gabba!
17%
Film 2011 Young Adult
17%
Short Film 2007 Your Friend the Rat
17%
Award Show 2014 12th Annual Visual Effects Society Awards
0%
Award Show 2015 13th Annual Visual Effects Society Awards
0%
Award Show 2017 15th Annual VES Awards
0%
Award Show 2017 2017 Writers Guild West Awards
0%
Award Show 2018 2018 Writers Guild West Awards
0%
Film 2014 22 Jump Street
0%
Award Show 2012 39th Annie Awards
0%
Short Film 2020 52 - A Tale of Loneliness
0%
Web Series 2011, 2013 5-Second Films
0%
Award Show 2002 5th Annual Academy of Interactive Arts & Sciences Awards
0%
Web Special 2024 Adam Ray Is Dr. Phil Unleashed
0%
Short Film 2019 Adams
0%
Documentary 2023 A Disturbance in the Force
0%
Web Series 2024-Present Adventures in Wonder Park
0%
TV Show 2024, 2025 After Midnight
0%
Film 2008 All Roads Lead Home
0%
Short Film 2009 Al's Brain in 3-D
0%
Documentary Series 2024 American Masters
0%
TV Show 2025 Among Us
0%
Web Series 2019 An Emmy for Megan
0%
TV Show 1994 An Evening at the Improv
0%
Stand-Up Special 2007 An Evening with P. Oswalt
0%
TV Show 2018 Another Period
0%
TV Show 2018-2021 A.P. Bio
0%
Video Game 2007 Aqua Teen Hunger Force: Zombie Ninja Pro-Am
0%
Film 2011 A Very Harold & Kumar Christmas
0%
Web Series 2016 Bajillion Dollar Propertie$
0%
Documentary 2010 Beautiful Darling
0%
TV Show 2004 Best Week Ever with Paul F. Tompkins
0%
Film 2009 Big Fan
0%
Web Series 2018 Blark and Son
0%
TV Show 2021 Bless the Harts
0%
Commercial 2021 Caesars Sportsbook
0%
Film 2005 Cake Boy
0%
TV Show 2021 Celebrity Wheel of Fortune
0%
TV Special 2004 Channel 101
0%
Short Film 2017 Click, Clack, Moo: Christmas at the Farm
0%
Web Series 2013 CollegeHumor Originals
0%
Web Series 2014 Comedians in Cars Getting Coffee
0%
TV Show 1999 Comedy Central Presents
0%
Web Series 2013 Convention Panels
0%
TV Show 2017, 2018 Crazy Ex-Girlfriend
0%
TV Show 2021 Curb Your Enthusiasm
0%
Video Game 2011 Dead Rising 2: Off the Record
0%
Film 2000 Desperate But Not Serious
0%
Web Series 2017 Difficult People
0%
Web Series 2017 Dimension 404
0%
Video Game 2022 Disney Dreamlight Valley
0%
TV Show 2009 Dollhouse
0%
Web Series 2020 Dragons: Rescue Riders
0%
TV Show 1998 Dr. Katz, Professional Therapist
0%
TV Short 2012 Drunk & Disorderly
0%
Film 2015 Dude Bro Party Massacre III
0%
Film 2021 Eternals
0%
TV Show 2023 Firebuds
0%
Short Film 2012 First Commenter
0%
TV Show 2009 Flight of the Conchords
0%
TV Mini-Series 2022 Gaslit
0%
Documentary Series 2022 George Carlin's American Dream
0%
Film 2024 Ghostbusters: Frozen Empire
0%
Video Game 2017 Ghostbusters VR: Now Hiring
0%
TV Show 2010 Glenn Martin, DDS
0%
Video Game 2005 Grand Theft Auto: Liberty City Stories
0%
Video Game 2006 Grand Theft Auto: Vice City Stories
0%
Short Film 2007 Greetings from Earth
0%
TV Show 2024 Grimsburg
0%
Web Series 2024 Hacks
0%
Web Series 2017 HarmonQuest
0%
TV Show 1997-1998 HBO Comedy Half-Hour
0%
TV Show 1995 HBO Comedy Showcase
0%
Film 2023 Heroes of the Golden Masks
0%
TV Show 1999 Hollywood Squares
0%
TV Show 2025 Hollywood Squares
0%
TV Show 2002 Home Movies
0%
Web Mini-Series 2020 Home Movie: The Princess Bride
0%
Documentary Mini-Series 2020 I'll Be Gone in the Dark
0%
Film 2022 I Love My Dad
0%
TV Show 2017 I Love You, America
0%
TV Show 2016 Inside Amy Schumer
0%
Web Series 2022 Inside Job
0%
Short Film 2012 Internet Troll with Patton Oswalt
0%
TV Show 2009 Iron Chef America: The Series
0%
Film 2014 Jason Nash Is Married
0%
TV Show 2017 Jeff Ross Presents Roast Battle
0%
TV Show 2023 Jeopardy!
0%
Short Film 2014 Jewish James Bond with Phil Rosenthal and Patton Oswalt
0%
TV Special 2025 Joan Rivers: A Dead Funny All-Star Tribute
0%
Web Mini-Series 2024 John Mulaney Presents: Everybody's in LA
0%
TV Show 2011 Jon Benjamin Has a Van
0%
Short Film 2006 Just the Three of Us
0%
Film 2016 Keeping Up with the Joneses
0%
Video Game 2012 Kinect Rush: A Disney-Pixar Adventure
0%
Web Series 2016 Lady Dynamite
0%
Short Film 2014 Lemonade War
0%
TV Show 2006 Live at Gotham
0%
TV Short 1996 Lottery
0%
TV Show 1997 Make Me Laugh
0%
Web Mini-Series 2024 Manhunt
0%
Web Series 2020 Mapleworth Murders
0%
Commercial 2016 Marshalls
0%
Commercial 2019 McDonald's
0%
Web Series 2020 Memory Hole
0%
TV Show 2012 Metalocalypse
0%
TV Show 2017-2020 Mickey Mouse Mixed-Up Adventures
0%
TV Show 2019-2021 Mickey Mouse: Mixed-Up Adventures
0%
TV Show 2016, 2017 Miles from Tomorrowland
0%
Short Film 1995 Mind Control
0%
Short Film 2018 Monster Challenge
0%
Podcast 2022, 2023 My Neighbors Are Dead
0%
Web Series 2017-2022 Mystery Science Theater 3000
0%
Music Video 2021 My Sweet Lord
0%
Film 2012 Nature Calls
0%
Web Series 2014 Next Time on Lonny
0%
Commercial 1999 Nike
0%
Web Series 2018 Niko and the Sword of Light
0%
Short Film 2015 Old/New
0%
Short Film 2004 Outpost
0%
Stand-Up Special 2017 Patton Oswalt: Annihilation
0%
Short Film 2014 Patton Oswalt Confronts His Haters
0%
Stand-Up Special 2011 Patton Oswalt: Finest Hour
0%
Stand-Up Special 2020 Patton Oswalt: I Love Everything
0%
Stand-Up Special 2009 Patton Oswalt: My Weakness Is Strong
0%
Stand-Up Special 2004 Patton Oswalt: No Reason to Complain
0%
Web Special 2020 Patton Oswalt's Six Pack Movie Marathon
0%
Stand-Up Special 2016 Patton Oswalt: Talking for Clapping
0%
Short Documentary 2013 Patton Oswalt: To Be Loved & Understood
0%
Stand-Up Special 2014 Patton Oswalt: Tragedy Plus Comedy Equals Time
0%
Stand-Up Special 2022 Patton Oswalt: We All Scream
0%
Documentary Series 2021 Penguin Town
0%
TV Show 2015-2018 Pickle and Peanut
0%
TV Show 2003 Pyramid
0%
Short Film 1996 Quarrantine
0%
TV Show 2005, 2006 Reel Comedy
0%
Film 2007 Reno 911! Miami
0%
Web Special 2021 Reno 911!: The Hunt for QAnon
0%
TV Show 2015 Rick and Morty
0%
TV Short 1996 Robbery
0%
TV Show 2008 Root of All Evil
0%
Web Series 2021 Santa Inc.
0%
Film 2012 Seeking a Friend for the End of the World
0%
Film 2004 See This Movie
0%
Film 2007 Sex and Death 101
0%
Film 2018 Sex Madness Revealed
0%
TV Show 2004 Shorties Watchin' Shorties
0%
Commercial 2004 Sierra Mist
0%
TV Short 1996 Sleep
0%
Documentary Series 2022 Somebody Feed Phil
0%
Film 2018 Sorry to Bother You
0%
Film 2016 Space Cop
0%
Web Series 2018 Spy Kids: Mission Critical
0%
Web Series 2022 Star Trek: Picard
0%
Short Film 2013 Star Wars Cantina Karaoke
0%
Web Series 2022, 2023 StoryBots: Answer Time
0%
TV Show 2025 Suits LA
0%
Short Film 2019 Super Gidget
0%
TV Pilot 2000 Super Nerds
0%
TV Show 2011 Talking Dead
0%
TV Show 2021 Teenage Euthanasia
0%
TV Show 2024 The 1% Club
0%
Award Show 2014 The 2014 Film Independent Spirit Awards
0%
Award Show 2018 The 4th Annual Carney Awards
0%
TV Short 2006 The Amazing Screw-On Head
0%
Short Film 2018 The Aquabats! Radventures!
0%
Web Series 2023 The Big Nailed It Baking Challenge
0%
TV Show 2017 The Chris Gethard Show
0%
TV Show 2005 The Comedians of Comedy
0%
TV Show 2021, 2022 The Conners
0%
TV Show 2021-2024 The Ghost and Molly McGee
0%
TV Show 2013-2022 The Goldbergs
0%
TV Show 2011-2014 The Heart, She Holler
0%
TV Show 2012 The High Fructose Adventures of Annoying Orange
0%
Documentary Series 2017 The History of Comedy
0%
Short Film 2015 The Loneliest Stoplight
0%
TV Show 2002 The Man Show
0%
Podcast 2024 The Novelizers with Andy Richter
0%
TV Pilot 2003 The Offensive Show
0%
Short Film 2020 The Priest
0%
Podcast 2022 The Rubber Room
0%
TV Show 2014 The Soup
0%
TV Show 2017 The Tom and Jerry Show
0%
Short Film 2002 The Vinyl Battle
0%
Short Film 2013 They Surf with Patton Oswalt
0%
TV Show 2016, 2019 Those Who Can't
0%
TV Show 2007, 2008 Tim and Eric Awesome Show, Great Job!
0%
Short Film 2009 Toluca Talk with Patton Oswalt
0%
TV Show 2004, 2005 Tom Goes to the Mayor
0%
TV Show 2020 To Tell the Truth
0%
Podcast TBA True Noir
0%
TV Show 2012-2013 Two and a Half Men
0%
Short Film 2011 Two Men Have a Conversation
0%
Film 2023 Unicorn Boy
0%
TV Show 2009-2011 United States of Tara
0%
Short Film 1998 Vermin
0%
Web Series 2019 Veronica Mars
0%
Short Film 2015 We Bare Bears: Nom Nom vs. Hamster
0%
TV Show 2023 What We Do in the Shadows
0%
Film 2011 Who the F#ck Is Chip Seinfeld?
0%
TV Show 2019, 2020 Will & Grace
0%
TV Show 2007-2015 WordGirl
0%
Film 2007 Wrong Turn 2: Dead End
0%
Podcast 2017 You Must Remember This
0%
Web Series 2019 You're Not a Monster
0%
TV Show 2015 Your Pretty Face Is Going to Hell
0%
Film 2002 Zig Zag
0%
Film 2001 Zoolander
0%
Film 2016 Zoolander: Super Model
0%
No matching quizzes found
Score Distribution
Percent of People with Each Score
Percentile by Number Answered
Your Score History
You have not taken this quiz since the last reset